Normal view
MARC view
Entry Personal Name
001 - CONTROL NUMBER
- control field: 44739
003 - CONTROL NUMBER IDENTIFIER
- control field: OSt
005 - DATE AND TIME OF LATEST TRANSACTION
- control field: 20240429110641.0
008 - FIXED-LENGTH DATA ELEMENTS
- fixed length control field: 240429|| aca||aabn | a|a d
040 ## - CATALOGING SOURCE
- Original cataloging agency: OSt
- Transcribing agency: OSt
100 ## - HEADING--PERSONAL NAME
- Personal name: Kim, G. J., Ki, N. and Yoon, T.
670 ## - SOURCE DATA FOUND
- Source citation: Work cat.: (OSt)524052: Kim, G. J., Ki, N. and Yoon, T. , Untangling the association between goal clarity and public service motivation with the moderating role of value congruence
